LEADER 01359nam a2200325 a 4500 001 000000131743 003 CaOOAMICUS 005 20121128133040.0 008 121128s2004 it u000 u ita r 020 $z88-424-9612-X* 040 $aPUL$bita 041 1 $aita$hger 100 1 $aLutter, Christina.$0(OLS)http://pul/name/84801 240 10$aCultural studies. Eine Einführung.$lItaliano.$0(OLS)http://pul/title/166451 245 10$aCultural studies :$bun'introduzione /$cChristina Lutter, Markus Reisenleitner ; a cura di Michele Corona. 260 $aMilano :$bBruno Mondadori,$c©2004. 300 $aXXXIV, 156 p. ;$c17 cm 490 1 $aTesti e pretesti 650 4$aScienze umane.$0(OLS)http://pul/subject/19524 700 1 $aCometa, Michele.$0(OLS)http://pul/name/84803 700 1 $aReisenleitner, Markus.$0(OLS)http://pul/name/84804 830 0$aTesti e pretesti.$0(OLS)http://pul/title/40200 850 $aPUL 852 $aPUL$W1$xDP1 Fondo E. Rossi$y115$m1 C 119$j151881$qFondi$B150982$CPULBib$Z2$F150982 $82 941 1 $a1 961 $aSul dorso collocazione ms. di E. Rossi: C 84 1 1 996 $6020$z88-424-9612-X*$9(OLS)http://pul/number/151205 996 $6245$aCultural studies :$bun'introduzione$9(OLS)http://pul/title/166449 996 $6260$aMilano :$bBruno Mondadori$9(OLS)http://pul/publisher/60338 LEADER 01063nam a2200229 a 4500 001 000000137210 003 CaOOAMICUS 005 20140204121614.0 008 140204s1875 it u000 u ita r 040 $aPUL(R)$bita 110 1 $aItalia (Regno).$bSenato.$0(OLS)http://pul/name/16351 245 10$aDiscussioni intorno alla pena di morte :$btornate dal 18 al 25 febbraio, 5 e 6 marzo [1875] /$cParlamento italiano, legislatura 12., Senato del Regno . 260 $aRoma :$bCotta e comp. ,$c[1875]$eTipografia del Senato 300 $a518 p. ;$c22 cm 500 $aTitolo dell'opera desunto da OPAC SBN. 650 4$aPena di morte.$0(OLS)http://pul/subject/8067 850 $aPUL 852 $aPUL$W1$xDP1 Antico 800$y27$m178 H 22$j158223$qStampati Antico$B157691$CPULBib$Z2$F157691 $82 941 1 $a15 961 $aVolume mutilo delle pagg. 1-14. 996 $6245$aDiscussioni intorno alla pena di morte :$btornate dal 18 al 25 febbraio, 5 e 6 marzo [1875]$9(OLS)http://pul/title/173693 996 $6260$aRoma :$bCotta e comp. $9(OLS)http://pul/publisher/82604